| Tag |
First Indicator |
Second Indicator |
Subfields |
| LEADER |
00000cam a2200000 a 4500 |
| 001 |
in00001403361 |
| 005 |
20151020055503.0 |
| 008 |
970619s1997 gw a b 001 0 eng |
| 010 |
|
|
|a 97026264
|
| 020 |
|
|
|a 3540620451 (hardcover : alk. paper)
|
| 035 |
|
|
|a (OCoLC)37260957
|
| 035 |
|
|
|9 AHN4598AM
|
| 040 |
|
|
|a DLC
|c DLC
|d TXA
|d UtOrBLW
|
| 049 |
|
|
|a TXAM
|
| 050 |
0 |
0 |
|a HF5737
|b .S36 1997
|
| 082 |
0 |
0 |
|a 006.4/2
|2 21
|
| 100 |
1 |
|
|a Schönhut, Jürgen.
|
| 245 |
1 |
0 |
|a Document imaging :
|b computer meets press /
|c Jürgen Schönhut.
|
| 264 |
|
1 |
|a Berlin ;
|a New York :
|b Springer-Verlag,
|c [1997]
|
| 264 |
|
4 |
|c ©1997
|
| 300 |
|
|
|a xi, 190 pages :
|b illustrations (some color) ;
|c 24 cm.
|
| 336 |
|
|
|a text
|b txt
|2 rdacontent
|
| 337 |
|
|
|a unmediated
|b n
|2 rdamedia
|
| 338 |
|
|
|a volume
|b nc
|2 rdacarrier
|
| 490 |
1 |
|
|a Computer graphics--systems and applications,
|x 1431-1380
|
| 504 |
|
|
|a Includes bibliographical references (pages 147-151) and index.
|
| 650 |
|
0 |
|a Document imaging systems.
|
| 830 |
|
0 |
|a Computer graphics--systems and applications.
|x 1431-1380
|
| 948 |
|
|
|a c:pk
|
| 999 |
|
|
|a MARS
|
| 999 |
f |
f |
|s 497b8e2e-a150-317d-b73a-9687732e6b14
|i 19ee2169-6ffc-3e05-b39c-5b2e41a3fb65
|t 0
|
| 952 |
f |
f |
|p ric
|a Texas A&M University
|b Rellis Campus
|c Joint Library Facility
|d Remote Storage
|t 0
|e HF5737 .S36 1997
|h Library of Congress classification
|i unmediated -- volume
|m A14822184013
|
| 998 |
f |
f |
|a HF5737 .S36 1997
|t 0
|l Remote Storage
|